000 00341nam a22001457a 4500
999 _c8220
_d8220
003 OSt
005 20201006130228.0
008 201006b ||||| |||| 00| 0 eng d
020 _a0394498186
082 _a770
_bHED
100 _aHedgecoe John
245 _aThe book of photography
260 _aNew York
_bAlfred A Knopf
_c1980
942 _2ddc